| 000 | 00763cab a2200229 4500 | ||
|---|---|---|---|
| 001 | WB2803-53 | ||
| 008 | 090401t1992 xxu||||| |||| 00| 0 eng d | ||
| 035 | _a(Sirsi) u7598 | ||
| 041 | _aeng | ||
| 245 | _aFletcher King stays in the black | ||
| 260 | _c1992 | ||
| 350 | _a0 | ||
| 490 |
_aChartered Surveyor Weekly _v38(2) 16 January 1992, 13(1) |
||
| 520 | _aFletcher King has reported a 75% fall in interim pre-tax profits to £108,000 and warns that it is unlikely to see any improvement in the second half of its trading year. | ||
| 650 | _aCOMMERCIAL AGENTS | ||
| 650 | _aLISTED COMPANIES | ||
| 650 | _aQUOTED COMPANIES | ||
| 650 | _aRESULTS | ||
| 690 | _aMANAGEMENT-BUSINESS MANAGEMENT-PROFESSIONAL PRACTICE | ||
| 942 | _n0 | ||
| 948 | _c04/03/1997 | ||
| 999 |
_c4612 _d4612 |
||